| 000 | 00405nam a2200169Ia 4500 | ||
|---|---|---|---|
| 008 | 230711s9999||||xx |||||||||||||| ||und|| | ||
| 041 | _aENG | ||
| 082 |
_a4 _bST-C |
||
| 100 | _aSteel,Christopher | ||
| 245 | 0 |
_aCore security pattern _bLaiĀ |
|
| 250 | _a1st . Ed. | ||
| 260 |
_c2007 _aNew Delhi _bPearson |
||
| 300 | _a1047 | ||
| 650 | _aComputer Engineering | ||
| 700 | _aNagappan,Ramesh | ||
| 942 | _cBK | ||
| 999 |
_c4697 _d4697 |
||